000 00500cam a22001337a 4500
008 180718b1973 xxu||||| |||| 00| 0 eng d
082 _aJ7x42 Un3 8
245 _aPublic participation in general improvement areas
_cby Department Of the Environment
260 _aLondon
_bHer Majesty's Stationery Office
_c1973
300 _av, 50p
500 _aArea Improvement Note; 8
650 _aUrban renewal --Great Britain --Citizen participation --Case studies.
700 _aU.K. Department Of the Environment
999 _c416476
_d416476